Lý Văn Phức ngòi bút đấu tranh ngoại giao xuất sắc đời Nguyễn /

Wedi'i Gadw mewn:
Manylion Llyfryddiaeth
Prif Awdur: Nguyễn Đổng Chi.
Fformat: Erthygl
Iaith:Vietnamese
Pynciau:
Tagiau: Ychwanegu Tag
Dim Tagiau, Byddwch y cyntaf i dagio'r cofnod hwn!
Thư viện lưu trữ: Thư viện Trường Đại học Đà Lạt
LEADER 00813nam a2200265 4500
001 DLU090074255
005 ##20090505
040 # # |a DLU  |b vie 
041 # # |a vie 
044 # # |a vn 
100 # # |a Nguyễn Đổng Chi. 
245 # # |a Lý Văn Phức ngòi bút đấu tranh ngoại giao xuất sắc đời Nguyễn /  |c Nguyễn Đổng Chi.  
653 # # |a Chủ nghĩa bá quyền nước lớn  
653 # # |a Ngoại giao  
653 # # |a Văn học chữ Hán 
773 # # |t Tạp chí văn học  |g Số 2, 1980, tr.52-58 
920 # # |a Phòng Tạp chí -- Trung tâm Thông tin - Thư viện Trường Đại học Đà Lạt 
994 # # |a DLU 
900 # # |a True 
911 # # |a Nguyễn Thị Linh Chi 
925 # # |a G 
926 # # |a A 
927 # # |a BB 
980 # # |a Thư viện Trường Đại học Đà Lạt